Business mathematics (Record no. 101346)
[ view plain ]
| 000 -LEADER | |
|---|---|
| fixed length control field | 00535nam a2200217Ia 4500 |
| 003 - CONTROL NUMBER IDENTIFIER | |
| control field | OSt |
| 005 - DATE AND TIME OF LATEST TRANSACTION | |
| control field | 20220512095136.0 |
| 008 - FIXED-LENGTH DATA ELEMENTS--GENERAL INFORMATION | |
| fixed length control field | 210210b1997 xxu||||| |||| 00| 0 eng d |
| 020 ## - INTERNATIONAL STANDARD BOOK NUMBER | |
| International Standard Book Number | 81 7014 234 2 |
| 040 ## - CATALOGING SOURCE | |
| Original cataloging agency | AL |
| Transcribing agency | |
| 041 ## - LANGUAGE CODE | |
| Language code of text/sound track or separate title | English |
| 082 ## - DEWEY DECIMAL CLASSIFICATION NUMBER | |
| Classification number | 510.2465 SANB |
| 100 ## - MAIN ENTRY--PERSONAL NAME | |
| Personal name | SANCHETI (D C) and KAPOOR (V K). |
| 9 (RLIN) | 36207 |
| 245 ## - TITLE STATEMENT | |
| Title | Business mathematics |
| 250 ## - EDITION STATEMENT | |
| Edition statement | 2 |
| 260 ## - PUBLICATION, DISTRIBUTION, ETC. | |
| Place of publication, distribution, etc. | ND |
| Name of publisher, distributor, etc. | Sultan Chand & Sons |
| Date of publication, distribution, etc. | 1997 |
| 300 ## - PHYSICAL DESCRIPTION | |
| Extent | x,10.19,24 |
| 690 ## - LOCAL SUBJECT ADDED ENTRY--TOPICAL TERM (OCLC, RLIN) | |
| Topical term or geographic name as entry element | Business Mathematics |
| 9 (RLIN) | 36208 |
| 906 ## - LOCAL DATA ELEMENT F, LDF (RLIN) | |
| a | 053418 |
| 942 ## - ADDED ENTRY ELEMENTS (KOHA) | |
| Source of classification or shelving scheme | Dewey Decimal Classification |
| Koha item type | Book |
| Withdrawn status | Lost status | Source of classification or shelving scheme | Damaged status | Not for loan | Collection code | Home library | Current library | Shelving location | Date acquired | Source of acquisition | Cost, normal purchase price | Total Checkouts | Full call number | Barcode | Date last seen | Date last checked out | Price effective from | Koha item type |
|---|---|---|---|---|---|---|---|---|---|---|---|---|---|---|---|---|---|---|
| Dewey Decimal Classification | Mathematics | St Aloysius Library | St Aloysius Library | Secondary stack section | 02/17/2021 | Higginbothams (P) Ltd., Mangalore-01. | 70.00 | 1 | 510.2465 SANB | 053418 | 02/17/2023 | 08/16/2022 | 02/17/2021 | Book |